000 00894nam a2200193Ii 4500
003 JO-AjNU
008 230605s9999||||xx |||||||||||||| ||und||
040 _aJO-AjNU
_bara
_erda
_cJO-AjNU
041 _aara
050 1 4 _aBP166.Q2972 1965
100 3 _aالمعتزلي، أبو الحسن عبد الجبار بن أحمد ، عناية وتصحيح الاب جين يوسف هوبن اليسوعي,
_eauthor
_939022
245 0 0 _aكتاب المجموع في المحيط بالتكليف، ج1
264 3 1 _aبيروت: المطبعة الكاثوليكية، 1965
300 _aج1، 449ص
_bيشتمل على توطئة باللغة الانجليزية(ص1-12)
336 _atext
_btxt
_2rdacontent
337 _aunmediated
_bn
_2rdamedia
338 _avolume
_bnc
_2rdacarrier
650 4 _aالحكم التكليفي- اصول الفقه الاسلامي- فرق اسلامية
_939023
999 _aA16445
_c20013
_d20013